2023 ஆம் ஆண்டினள் 22 அம் இலக்க, இலங்கை தேசிய கண் வங்கி நம்பிக்கைப் பொறுப்புச் சட்டம்
Ilangai desiya kan vangi nambikkaip poruppu...
Saved in:
| Main Author: | |
|---|---|
| Format: | Book |
| Language: | Sinhalese |
| Published: |
கொழும்பு :
அரசாங்க வெளியீட்டலுவலகம்,
2023.
|
| Series: | இலங்கைச் சட்டம் : இல. 22, 2023
|
| Tags: |
Add Tag
No Tags, Be the first to tag this record!
|
MARC
| LEADER | 00000nam a22000007a 4500 | ||
|---|---|---|---|
| 003 | LK-CoNLD | ||
| 005 | 20240822144436.0 | ||
| 008 | 220321b |||||||| |||| 00| 0 sin d | ||
| 017 | |a 492458 |b LK-CoDNA | ||
| 040 | |a LK-CoNLD |b TAM |c LK-CoNLD |d LK-CoNLD | ||
| 082 | |2 23 |q LK-CoNLD |a 346.046823026 | ||
| 100 | |a இலங்கை. பாராளுமன்றம். |9 5708 | ||
| 245 | |a 2023 ஆம் ஆண்டினள் 22 அம் இலக்க, இலங்கை தேசிய கண் வங்கி நம்பிக்கைப் பொறுப்புச் சட்டம் | ||
| 260 | |a கொழும்பு : |b அரசாங்க வெளியீட்டலுவலகம், |c 2023. | ||
| 300 | |a ப. 25 ; |c ச.மீ. 21. |b கஇ- காஉ: ரூ. 42.00 | ||
| 490 | |a இலங்கைச் சட்டம் : இல. 22, 2023 | ||
| 500 | |a 2023 ஆம் ஆண்டு ஒற்றோபர் மாதம் 20 ஆம் திகதியன்று வௌியடப்பட்டது | ||
| 880 | |6 245-1 |a Ilangai desiya kan vangi nambikkaip poruppu... | ||
| 942 | |c PARLACT | ||
| 945 | |a 22 |b Logeshwary RAMASAMY |c 21055 |d M. G. D. NAWODA | ||
| 999 | |c 279536 |d 279536 | ||